000 00586cam a22002053a 4500
001 38228
003 PGUSA
005 20140828083837.0
008 111206s2011||||xxu|||||s|||||000 | eng d
040 _aPGUSA
_beng
042 _adc
100 1 _aRice, Alice Caldwell Hegan,
_d1870-1942
245 1 0 _aCaptain June
_h[electronic resource] /
_cAlice Caldwell Hegan Rice
260 _bProject Gutenberg,
_c2011
506 _aPublic domain in the USA.
516 _aElectronic text
830 0 _aProject Gutenberg
_v38228
856 4 0 _uhttp://www.gutenberg.org/ebooks/38228
942 _cEB
999 _c267482
_d267482